Expedición pedagógica nacional
Guardat en:
| Autor corporatiu: | |
|---|---|
| Format: | Llibre |
| Idioma: | espanyol |
| Publicat: |
Bogotá
Universidad Pedagógica Nacional
2001
|
| Matèries: | |
| Etiquetes: |
Afegir etiqueta
Sense etiquetes, Sigues el primer a etiquetar aquest registre!
|
MARC
| LEADER | 00000nam a2200000 a 4500 | ||
|---|---|---|---|
| 001 | UCM6455 | ||
| 003 | CL-VaPUC | ||
| 008 | 021108e20010000ck |||||||||||||||||spa|d | ||
| 082 | 0 | 4 | |a 370.1 |b UNI |2 21 |
| 110 | 2 | |a Universidad Pedagógica Nacional |e author |9 472348 | |
| 245 | 1 | 0 | |a Expedición pedagógica nacional |
| 300 | |a v | ||
| 942 | |c BK | ||
| 945 | |d 20021108 00:00:00 |a cmena | ||
| 260 | |a Bogotá |b Universidad Pedagógica Nacional |c 2001 | ||
| 500 | |a v.1: Pensando el viaje | ||
| 500 | |a v.2: Preparando el equipaje | ||
| 650 | 0 | |a Filosofía de la educación |9 258384 | |
| 650 | 0 | |a Formación profesional de profesores |9 307493 | |
| 650 | 0 | |a Planificación del currículo |9 269599 | |
| 583 | |a last modification |c 20171220 04:33:49 |k Rodrigo Vera | ||
| 999 | |c 301856 |d 301854 | ||
| 952 | |0 0 |1 0 |4 0 |6 370_100000000000000_UNI_2001 |7 0 |8 A |9 361529 |a BIBEDU |b BIBEDU |d 2019-11-21 |h v.1 |i 3855619 |o 370.1 UNI 2001 |p 3855619 |r 2019-11-21 |w 2019-11-21 |y BK |k EDU | ||
| 952 | |0 0 |1 0 |4 0 |6 370_100000000000000_UNI_2001 |7 0 |8 A |9 361530 |a BIBEDU |b BIBEDU |d 2019-11-21 |h v.2 |i 3855627 |o 370.1 UNI 2001 |p 3855627 |r 2019-11-21 |w 2019-11-21 |y BK |k EDU | ||